[Event "Tal"]
[Site "http://www.queenalice.com/game.php?id=1287324"]
[Date "2014.6.10"]
[Round "-"]
[White "Alice70"]
[Black "Ajunior"]
[Result "0-1"]
[WhiteElo "1584"]
[BlackElo "1611"]

1. e3 d5 2. Nc3 Nf6 3. Bb5+ Nc6 4. Bxc6+ bxc6 5. Nf3 g6 6. Ne5 Qd6 7. d4 Ba6 8.
f3 Bg7 9. b3 O-O 10. h4 Nd7 11. Nxd7 Qg3+ 12. Kd2 Qxg2+ 13. Ne2 Rfd8 14. Rg1
Qxf3 15. Ne5 Bxe5 16. dxe5 d4 17. exd4 Bxe2 18. Qxe2 Rxd4+ 19. Ke1 Re4 20. Be3
Rxe3 21. Qxe3 Qxe3+ 22. Kf1 Rd8 23. Kg2 Rd2+ 24. Kf1 Qf2# 0-1

[Event "Challenge"]
[Site "http://www.queenalice.com/game.php?id=1300441"]
[Date "2014.8.9"]
[Round "-"]
[White "Alice70"]
[Black "iliov2008"]
[Result "1-0"]
[WhiteElo "1557"]
[BlackElo "1370"]

1. e3 e5 2. Nf3 f6 3. Bc4 Nc6 4. Nc3 Bb4 5. a3 Bxc3 6. dxc3 d6 7. Bxg8 Rxg8 8.
e4 Bg4 9. O-O Bxf3 10. gxf3 g5 11. b4 1-0

[Event "Challenge"]
[Site "http://www.queenalice.com/game.php?id=1300442"]
[Date "2014.8.9"]
[Round "-"]
[White "serard1"]
[Black "Alice70"]
[Result "0-1"]
[WhiteElo "1371"]
[BlackElo "1566"]

1. e3 e5 2. g3 Nf6 3. Nc3 Bb4 4. Na4 d6 5. c3 Ba5 6. b4 Bb6 7. f4 exf4 8. gxf4
Ng4 9. h3 Qh4+ 10. Ke2 Nf2 11. Qe1 Qh5+ 12. Kxf2 Qh4+ 13. Ke2 Bg4+ 14. Nf3 Bxf3+
15. Kxf3 Qxe1 16. Bg2 Qh4 17. Ke2 O-O 18. Bb2 g5 19. Bxb7 Nd7 20. Bxa8 Rxa8 21.
Rhg1 f6 22. c4 Qxh3 23. d4 Qh2+ 24. Kf1 Re8 25. Re1 Qh3+ 26. Kf2 Qh4+ 27. Ke2
Qh3 28. Kd3 Kf7 29. c5 dxc5 30. bxc5 gxf4 31. cxb6 cxb6 32. Bc1 b5 33. Nc3 fxe3
34. Nd5 Qf5+ 35. Kc3 Qxd5 36. Kb2 Qxd4+ 37. Kb1 Qb4+ 38. Bb2 Rg8 39. Rxg8 Qxe1+
0-1

[Event "La Revanche"]
[Site "http://www.queenalice.com/game.php?id=1304021"]
[Date "2014.8.25"]
[Round "-"]
[White "Alice70"]
[Black "roli68"]
[Result "0-1"]
[WhiteElo "1576"]
[BlackElo "1683"]

1. e4 e5 2. Bc4 Qf6 3. Qf3 Nh6 4. Qxf6 gxf6 5. d3 Rg8 6. Bxh6 Bxh6 7. Nf3 Nc6 8.
O-O d6 9. Bb5 Bh3 10. Bxc6+ bxc6 11. Nc3 Rxg2+ 12. Kh1 Ke7 13. b4 Bf4 14. Ne2
Be3 15. Nh4 Rag8 16. fxe3 Rxe2 17. Rf3 Bg4 18. Rff1 Bh3 19. Rg1 Rg4 20. Rxg4
Bxg4 21. c4 Rxe3 22. Rg1 Bh3 23. c5 dxc5 24. bxc5 Rxd3 25. a4 Ra3 26. Rd1 Rxa4
27. Re1 Rc4 28. Kg1 a5 29. Kf2 Rc2+ 30. Kg3 Rc3+ 31. Nf3 Be6 32. h4 h5 33. Kf2
a4 34. Nd2 Rc2 35. Re2 a3 36. Kf1 a2 37. Re1 Rxd2 38. Ra1 Bc4+ 39. Ke1 Rh2 40.
Kd1 Rh1+ 41. Kc2 Rxa1 42. Kc3 Rc1+ 43. Kd2 a1=Q 44. Ke3 Qa3+ 45. Kd2 Qc3# 0-1

[Event "Challenge"]
[Site "http://www.queenalice.com/game.php?id=1311816"]
[Date "2014.10.1"]
[Round "-"]
[White "Alice70"]
[Black "JRic"]
[Result "0-1"]
[WhiteElo "1593"]
[BlackElo "1670"]

1. e4 e5 2. Bc4 Nc6 3. Bb5 Nd4 4. Bc4 Bc5 5. Nf3 d6 6. Nxd4 Bxd4 7. Qf3 Nh6 8.
d3 Qe7 9. c3 Bg4 10. Bg5 f6 11. Qg3 fxg5 12. cxd4 O-O-O 13. dxe5 dxe5 14. Nc3
Qb4 15. O-O Rhe8 16. Nd5 Qxb2 17. f3 c6 18. Ne3 b5 19. Nxg4 bxc4 20. dxc4 Qd4+
21. Kh1 Qxc4 22. Nxh6 gxh6 23. Rfc1 Qd4 24. Qg4+ Kc7 25. Qf5 Re7 26. Qf6 Qd6 27.
Qxd6+ Rxd6 28. h3 a5 29. a4 Re8 30. Rc5 Kb6 31. Rc2 Red8 32. Rb2+ Kc7 33. Rab1
Kd7 34. Rb7+ Ke8 35. Rxh7 Kf8 36. Rh8+ Kg7 37. Rxd8 Rxd8 38. Rb7+ Kg6 39. Rb6
Rd6 40. g3 Kf6 41. h4 gxh4 42. gxh4 Ke6 43. Ra6 c5 44. Rxd6+ Kxd6 45. Kg1 c4 46.
Kf1 Kc5 47. Ke1 c3 48. Kd1 Kc4 49. Kc2 h5 50. Kc1 Kd3 51. f4 exf4 52. e5 f3 53.
Kb1 f2 54. Ka2 c2 55. Kb2 Kd2 56. e6 c1=Q+ 57. Kb3 Qc3+ 58. Ka2 Kc2 59. e7 Qb2#
0-1

[Event "Rival needed!"]
[Site "http://www.queenalice.com/game.php?id=1312278"]
[Date "2014.10.3"]
[Round "-"]
[White "Hossque"]
[Black "Alice70"]
[Result "1-0"]
[WhiteElo "1652"]
[BlackElo "1578"]

1. c4 e5 2. Nc3 Bb4 3. e4 Bxc3 4. dxc3 Nf6 5. Nf3 Nc6 6. Bd3 d6 7. O-O Bg4 8. h3
Bxf3 9. Qxf3 h5 10. Bg5 a5 11. Bxf6 gxf6 12. Rad1 a4 13. b3 axb3 14. axb3 Na5
15. b4 Nb3 16. Bc2 Na1 17. Rxa1 Rb8 18. Ba4+ c6 19. b5 Rc8 20. bxc6 bxc6 21.
Rfd1 O-O 22. Qxh5 Kg7 23. Rdb1 Rh8 24. Qg4+ Kf8 25. Rb7 Ra8 26. Qd1 Qa5 27.
Qxd6+ Kg7 28. Qxc6 Qxc3 29. Rbb1 Rhc8 30. Qd7 Rxc4 31. Rc1 Qb2 32. Qg4+ Kf8 33.
Qd1 Rxc1 34. Qxc1 Qxc1+ 35. Rxc1 Rxa4 36. Rc8+ Kg7 37. f3 Ra1+ 38. Kh2 Ra3 39.
h4 Kh6 40. Kh3 Kh7 41. h5 Ra1 42. Kg4 Rg1 43. g3 Kh6 44. Rf8 Ra1 45. Rxf7 Ra6
46. Kf5 Kxh5 47. Rh7# 1-0

[Event "Invitation"]
[Site "http://www.queenalice.com/game.php?id=1313041"]
[Date "2014.10.6"]
[Round "-"]
[White "Alice70"]
[Black "Taiur"]
[Result "1-0"]
[WhiteElo "1593"]
[BlackElo "1659"]

1. e4 c5 2. Bc4 e6 3. d3 h6 4. Nc3 Nc6 5. Bb5 Nge7 6. Bxc6 Nxc6 7. Nf3 Be7 8. h4
Bf6 9. Be3 Qb6 10. b3 Bxc3+ 11. Ke2 Nd4+ 12. Bxd4 cxd4 13. Rb1 O-O 14. a4 d6 15.
e5 Re8 16. Rh3 Qc5 17. g3 dxe5 18. g4 Qc6 19. Nxe5 Qg2 20. Rf3 f6 21. Qg1 Qxg1
22. Rxg1 fxe5 23. g5 hxg5 24. Rxg5 Bd7 25. h5 Rf8 26. Rfg3 Rf7 27. f3 1-0

[Event "Challenge"]
[Site "http://www.queenalice.com/game.php?id=1318499"]
[Date "2014.10.28"]
[Round "-"]
[White "gobblemate"]
[Black "Alice70"]
[Result "0-1"]
[WhiteElo "1580"]
[BlackElo "1577"]

1. d4 e6 2. c4 d5 3. Nc3 Bb4 4. a3 Bxc3+ 5. bxc3 dxc4 6. Qa4+ Qd7 7. Qxd7+ Bxd7
8. Bf4 c6 9. Nf3 Nf6 10. a4 Ne4 11. Ne5 Nxc3 12. Nxc4 Na6 13. Nd6+ Ke7 14. Kd2
Nd5 0-1

[Event "Let's Play Chess!"]
[Site "http://www.queenalice.com/game.php?id=1328971"]
[Date "2014.12.19"]
[Round "-"]
[White "charles31"]
[Black "Alice70"]
[Result "1-0"]
[WhiteElo "1736"]
[BlackElo "1604"]

1. d4 e6 2. e4 Nf6 3. e5 Nd5 4. Nf3 Bb4+ 5. Bd2 Bxd2+ 6. Qxd2 d6 7. Nc3 Nxc3 8.
Qxc3 dxe5 9. Nxe5 f6 10. Nf3 Nc6 11. Bb5 a6 12. Bxc6+ bxc6 13. Qxc6+ Bd7 14. Qe4
f5 15. Qe5 1-0

[Event "Let's Play Chess!"]
[Site "http://www.queenalice.com/game.php?id=1344121"]
[Date "2015.2.26"]
[Round "-"]
[White "Taurus"]
[Black "Alice70"]
[Result "1-0"]
[WhiteElo "2202"]
[BlackElo "1580"]

1. d4 e6 2. c4 d5 3. Nc3 Nc6 4. Nf3 dxc4 5. e4 Bb4 6. Bxc4 Bxc3+ 7. bxc3 Nf6 8.
Qc2 O-O 9. Bg5 h6 10. Bh4 e5 11. dxe5 g5 12. Bg3 Ng4 13. h3 Be6 14. Bxe6 fxe6
15. hxg4 Kg7 16. Rd1 Qc8 17. Qc1 a5 18. Nxg5 hxg5 19. Qxg5+ Kf7 20. Rh7+ Ke8 21.
Qg6+ Rf7 22. Qxf7# 1-0

[Event "Challenge"]
[Site "http://www.queenalice.com/game.php?id=1344186"]
[Date "2015.2.26"]
[Round "-"]
[White "Alice70"]
[Black "Taurus"]
[Result "0-1"]
[WhiteElo "1582"]
[BlackElo "2201"]

1. e4 e6 2. Nf3 c5 3. d4 d5 4. exd5 exd5 5. Bg5 Nf6 6. Bxf6 Qxf6 7. Qe2+ Be6 8.
c4 Be7 9. cxd5 Bxd5 10. Nc3 Bc6 11. Ne5 cxd4 12. Nxc6 Nxc6 13. Nb5 O-O 14. Nc7
Bb4+ 15. Kd1 Rad8 16. Qb5 Qf4 17. Qxb7 Qd2# 0-1

[Event "Challenge"]
[Site "http://www.queenalice.com/game.php?id=1345085"]
[Date "2015.3.2"]
[Round "-"]
[White "Alice70"]
[Black "Marcvs"]
[Result "0-1"]
[WhiteElo "1576"]
[BlackElo "1430"]

1. e4 e5 2. Qf3 f6 3. d3 c5 4. Nc3 d6 5. Be3 Ne7 6. Rd1 Nbc6 7. Nh3 Nd4 8. Bxd4
cxd4 9. Nb5 a6 10. Na3 b5 11. c4 b4 12. Nc2 a5 13. a3 b3 14. Na1 a4 15. Be2 Ng6
16. g4 Nh4 17. Qg3 g5 18. f3 h5 19. gxh5 Be6 20. Rf1 Qd7 21. Rc1 Bxh3 22. Rg1
Be6 23. c5 Rc8 24. h3 dxc5 25. Kf2 Bxh3 26. Rh1 Be6 27. Bf1 Rxh5 28. Bh3 Bxh3
29. Rxh3 Qe6 30. Rc4 Qd7 31. Rc1 Qb5 32. Rd1 c4 33. Qg4 Qd7 34. Qxh5+ Qf7 35.
Qg4 Rc7 36. dxc4 Rxc4 37. Ke2 Be7 38. Rd3 Kd8 39. Kd2 Kc7 40. Kd1 Kd6 41. Kd2
Qe8 42. Kd1 Qc6 43. Kd2 Rc1 44. Nxb3 axb3 45. Ke2 Qc4 46. Rxh4 Rc2+ 47. Kd1
Qxd3+ 48. Ke1 Qe2# 0-1

[Event "Let's Play!"]
[Site "http://www.queenalice.com/game.php?id=1345634"]
[Date "2015.3.5"]
[Round "-"]
[White "digger"]
[Black "Alice70"]
[Result "0-1"]
[WhiteElo "1532"]
[BlackElo "1554"]

1. Nf3 e6 2. e4 Nf6 3. Qe2 Nc6 4. d3 Bb4+ 5. c3 Ba5 6. Bd2 d5 7. b4 dxe4 8. dxe4
Bb6 9. e5 Ng4 10. h3 Nh6 11. Bg5 f6 12. Bxh6 gxh6 13. h4 fxe5 14. Nxe5 Nxe5 15.
Qxe5 Rf8 16. f3 Rf5 17. Qh8+ Ke7 18. Qxh7+ Rf7 19. Qxh6 Rf6 20. Qh7+ Rf7 21. Qe4
a5 22. a3 c6 23. Nd2 axb4 24. cxb4 Bd4 25. Ra2 e5 26. Bc4 Rf4 27. Qh7+ Kd6 28.
Ne4+ Rxe4+ 29. fxe4 c5 30. b5 Qa5+ 31. Ke2 Bg4+ 32. Kf1 Rf8+ 33. Bf7 Qc3 34.
Qg6+ Ke7 35. Qxg4 Rxf7+ 36. Qf3 Rxf3+ 37. gxf3 Qxf3+ 0-1

[Event "Let's Play Chess!"]
[Site "http://www.queenalice.com/game.php?id=1349444"]
[Date "2015.3.24"]
[Round "-"]
[White "Piazzolero"]
[Black "Alice70"]
[Result "0-1"]
[WhiteElo "1565"]
[BlackElo "1532"]

1. b3 e5 2. Bb2 Nf6 3. Bxe5 d6 4. Bc3 Bf5 5. d3 Nc6 6. e4 Bg4 7. f3 Bh5 8. Be2
g6 9. g4 Ne5 10. gxh5 gxh5 11. f4 Neg4 12. Nd2 c6 13. f5 Qc7 14. Bxg4 Bg7 15.
Bxf6 Bxf6 16. Bxh5 Bh4+ 17. Ke2 Qb6 18. Qf1 Bg5 19. Ngf3 Qe3+ 20. Kd1 Bh6 21. a4
Rg8 22. c4 O-O-O 23. Bxf7 Rgf8 24. Be6+ Kb8 25. b4 b6 26. b5 c5 27. Rg1 Rde8 0-1

[Event "Challenge"]
[Site "http://www.queenalice.com/game.php?id=1349524"]
[Date "2015.3.24"]
[Round "-"]
[White "Alice70"]
[Black "super_viper"]
[Result "0-1"]
[WhiteElo "1578"]
[BlackElo "1568"]

1. e4 Nf6 2. f3 e5 3. Nc3 Bc5 4. d3 d5 5. exd5 Nxd5 6. Nxd5 Qxd5 7. c4 Qd4 8.
Ne2 Qf2+ 9. Kd2 Nc6 10. Qa4 Bf5 11. g4 Bg6 12. Kc2 O-O-O 13. Bg5 Bxd3+ 14. Kc3
Bxe2 15. Bxe2 Qxe2 16. Bxd8 Bd4+ 17. Kb3 Qxb2# 0-1

[Event "Challenge"]
[Site "http://www.queenalice.com/game.php?id=1349525"]
[Date "2015.3.24"]
[Round "-"]
[White "super_viper"]
[Black "Alice70"]
[Result "1-0"]
[WhiteElo "1670"]
[BlackElo "1578"]

1. Nf3 e6 2. c4 Bc5 3. d4 Bb4+ 4. Nbd2 Bxd2+ 5. Bxd2 Nc6 6. d5 exd5 7. cxd5 Nb8
8. Rc1 c6 9. d6 Nf6 10. e4 Nxe4 11. Bd3 Nxd6 12. O-O Qf6 13. Re1+ Kd8 14. Bg5
Rg8 15. Bxf6+ gxf6 16. Bxh7 Rh8 17. Qxd6 Rxh7 18. Qxf6+ Kc7 19. Ng5 Rh5 20. Nxf7
Kb6 21. Qd8+ Kb5 22. Nd6+ Kb4 23. Re4# 1-0

[Event "Challenge"]
[Site "http://www.queenalice.com/game.php?id=1350428"]
[Date "2015.3.28"]
[Round "-"]
[White "ledeon"]
[Black "Alice70"]
[Result "1-0"]
[WhiteElo "1741"]
[BlackElo "1555"]

1. d4 e6 2. c4 Bb4+ 3. Bd2 Bxd2+ 4. Qxd2 Nf6 5. Nf3 Nc6 6. Nc3 d5 7. O-O-O Ne4
8. Nxe4 dxe4 9. d5 exd5 10. cxd5 Ne7 11. Ng5 Bf5 12. g4 Bxg4 13. Nxe4 Nxd5 14.
Qxd5 Bd7 15. Nc5 Qe7 16. Qxd7+ Qxd7 17. Rxd7 b6 18. Rxc7 bxc5 19. Bg2 Rd8 20.
Bc6+ Kf8 21. Rd1 Rxd1+ 22. Kxd1 g6 23. Rc8+ Kg7 24. Rxh8 Kxh8 25. Kc2 Kg7 26.
Kc3 Kf6 27. Kc4 Ke6 28. Kxc5 f5 29. Kb5 Kd6 30. Ka6 Kxc6 31. Kxa7 Kb5 32. b3 Ka5
33. a3 Kb5 34. Kb7 Ka5 35. Kc6 Ka6 36. b4 Ka7 37. a4 h5 38. b5 g5 39. a5 g4 40.
f3 f4 41. b6+ Kb8 42. a6 Kc8 43. a7 Kd8 44. a8=Q+ Ke7 45. b7 g3 46. b8=Q gxh2
47. Qf8+ Ke6 48. Qae8# 1-0

[Event "Let's Play Chess!"]
[Site "http://www.queenalice.com/game.php?id=1352961"]
[Date "2015.4.12"]
[Round "-"]
[White "Rider"]
[Black "Alice70"]
[Result "1-0"]
[WhiteElo "1631"]
[BlackElo "1569"]

1. d4 e6 2. e4 Nf6 3. Nc3 Bb4 4. Qf3 Bxc3+ 5. bxc3 Nc6 6. Bb5 a6 7. Bxc6 dxc6 8.
Ne2 a5 9. e5 Nd7 10. O-O f6 11. Qg3 g6 12. f4 b6 13. exf6 Nxf6 14. Qe3 Ng4 15.
Qg3 h5 16. Ba3 Ba6 17. Qf3 Qh4 18. h3 Bxe2 19. Qxe2 Nf6 20. Qxe6+ Kd8 21. Be7+
Ke8 22. Bxf6+ Kf8 23. Qe7+ Kg8 24. Qg7# 1-0

[Event "Challenge"]
[Site "http://www.queenalice.com/game.php?id=1353295"]
[Date "2015.4.13"]
[Round "-"]
[White "Alice70"]
[Black "digger"]
[Result "0-1"]
[WhiteElo "1546"]
[BlackElo "1590"]

1. e4 e5 2. Nf3 Nc6 3. Bb5 Na5 4. Nxe5 c6 5. Ba4 b5 6. Bb3 Nxb3 7. axb3 Qf6 8.
f4 Qxf4 9. Nd3 Qxe4+ 10. Qe2 Qxe2+ 11. Kxe2 Ba6 12. c4 bxc4 13. bxc4 Bxc4 14.
Na3 Be6 15. Ne5 f6 16. Nd3 a5 17. Nf4 Bg4+ 18. Ke3 Bc5+ 19. Kd3 d6 20. Nc4 g5
21. Re1+ Ne7 22. b3 Kf7 23. Ba3 gxf4 24. h3 Bf5+ 25. Kc3 Nd5+ 26. Kb2 Bd4+ 27.
Ka2 Bxa1 28. Kxa1 Rhd8 29. Bxd6 a4 30. b4 Bd3 31. Rc1 a3 32. Na5 Rxd6 33. Nxc6
Bb5 34. Nd4 Nxb4 35. Nxb5 Rxd2 36. Rc7+ Kg6 37. Rc4 Nc2+ 38. Ka2 Ne3+ 39. Kb3 a2
40. Rc1 a1=Q 41. Rxa1 Rxa1 42. Kc3 Rad1 43. Na3 Rd3+ 44. Kb2 R1d2+ 45. Kc1 Rxg2
46. Nc4 Rd1# 0-1

[Event "Let's Play Chess!"]
[Site "http://www.queenalice.com/game.php?id=1387920"]
[Date "2015.10.7"]
[Round "-"]
[White "Fmoreira"]
[Black "Alice70"]
[Result "1-0"]
[WhiteElo "1298"]
[BlackElo "1549"]

1. e4 e5 2. Nf3 f6 3. Bc4 d6 4. d3 Bg4 5. O-O Bxf3 6. Qxf3 Nh6 7. Bxh6 gxh6 8.
Qh5+ Kd7 9. Qf5+ Ke8 10. Qe6+ Qe7 11. Qc8+ Qd8 12. Bf7+ Kxf7 13. Qxd8 Bg7 14.
Qxc7+ Kg6 15. Qxb7 Na6 16. Qxa6 Rhb8 17. b3 Rb6 18. Qc4 h5 19. d4 exd4 20. f4 f5
21. Qe6+ Bf6 22. Qxf5+ Kg7 23. e5 dxe5 24. fxe5 Bd8 25. Qf7+ Kh6 26. Qf4+ Bg5
27. Qxd4 Rd8 28. Qf2 Re8 29. Re1 Rbe6 30. Qf5 1-0

[Event "Challenge"]
[Site "http://www.queenalice.com/game.php?id=1392125"]
[Date "2015.11.2"]
[Round "-"]
[White "Alice70"]
[Black "serard1"]
[Result "0-1"]
[WhiteElo "1549"]
[BlackElo "1498"]

1. e4 e5 2. Nf3 h6 3. Nxe5 d6 4. Nc4 Qe7 5. d3 Be6 6. Nc3 Nc6 7. Nb5 Nf6 8. Be2
Bxc4 9. dxc4 Nxe4 10. f3 Nc5 11. Be3 a6 12. Nd4 O-O-O 13. Nxc6 bxc6 14. Bxc5
dxc5 15. Qc1 Re8 16. Qd1 Rd8 17. Qc1 Re8 18. Qd2 Rd8 19. Qc3 Re8 20. Qd2 Rd8 21.
Qc1 g5 0-1